Nástroje transformačného a transakčného vedenia ľudí v podnikateľskej praxi

Teoretické východiská vedenia ľudí. Transformačný a transakčný štýl vedenia ľudí. Rozdiely medzi transakčným manažérom a transformačným vodcom. Výsledky výskumu transformačného a transakčného vedenia v podnikoch na Slovensku.

Guardado en:
Detalles Bibliográficos
Autor principal: Procházková, Katarína, 1983-
Formato: Capítulo de libro
Lenguaje:eslovaco
Materias:
Etiquetas: Agregar Etiqueta
Sin Etiquetas, Sea el primero en etiquetar este registro!

MARC

LEADER 00000nla a2200000 4500
001 0163270
005 20240502072832.5
041 0 |a slo 
044 |a SK 
245 1 0 |a Nástroje transformačného a transakčného vedenia ľudí v podnikateľskej praxi  |c Katarína Procházková 
520 |a Teoretické východiská vedenia ľudí. Transformačný a transakčný štýl vedenia ľudí. Rozdiely medzi transakčným manažérom a transformačným vodcom. Výsledky výskumu transformačného a transakčného vedenia v podnikoch na Slovensku. 
610 2 0 |a vedenie ľudí 
610 2 0 |a manažéri 
610 2 0 |a lídri 
610 2 0 |a zamestnanci 
610 2 0 |a výskum 
100 1 |a Procházková, Katarína, 1983-